Представление документа в формате MARC21

Поле Инд. ПП Название Значение
Тип записи a
Библиографический уровень m
001 Контрольный номер 5be38174-9ccd-443e-a57d-64d6a5e58ee9
005 Дата корректировки 20250825105609.0
008 Кодируемые данные 010203 d
020 a ISBN 5-93453-001-1
c Цена, тираж 200.00
020 a ISBN 2-221-08204-4
040 a Служба первич. каталог. НБ ТвГУ
041 0_ a Код языка текста rus
080 a Индекс УДК 930.9"19"
a Индекс УДК 9(47+57)
084 a Индекс другой классификации/Индекс ББК Т3(0)6-49
a Индекс другой классификации/Индекс ББК Т3(2)615-49
090 x Авторский знак Ч-49
a Полочн. индекс Т3(0)6
245 10 a Заглавие Черная книга коммунизма
b Продолж. заглавия Преступления. Террор. Репрессии : Пер. с фр.
c Ответственность С. Куртуа, Н. Верт, Ж.-Л. Панне и др.; [Вступ. ст. А. Н. Яковлева; Общ. ред. Н. Ю. Сыромятникова]
260 0_ a Место издания Москва
b Издательство Три века истории
c Дата издания 1999
300 a Объем 766 с.
b Иллюстрации/ тип воспроизводства 16 л. ил.
500 a Примечание НАСТОЯЩИЙ МАТЕРИАЛ (ИНФОРМАЦИЯ) ПРОИЗВЕДЕН, РАСПРОСТРАНЕН И (ИЛИ) НАПРАВЛЕН ИНОСТРАННЫМ АГЕНТОМ ДЖ. СОРОСОМ, ЯВЛЯЮЩИМСЯ УЧРЕДИТЕЛЕМ (ЧЛЕНОМ, УЧАСТНИКОМ, РУКОВОДИТЕЛЕМ ИЛИ ЛИЦОМ, ВХОДЯЩИМ В СОСТАВ ОРГАНА ЛИЦ УКАЗАНЫХ В ЧАСТИ 4 СТАТЬИ 9 ФЕДЕРАЛЬНОГО ЗАКОНА «О КОНТРОЛЕ ЗА ДЕЯТЕЛЬНОСТЬЮ ЛИЦ, НАХОДЯЩИХСЯ ПОД ИНОСТРАННЫМ ВЛИЯНИЕМ») ФОНДА «ОТКРЫТОЕ ОБЩЕСТВО», ВКЛЮЧЕННОГО В РЕЕСТР ИНОСТРАННЫХ АГЕНТОВ
504 a Библиография Библиогр.: с.690-749. - Имен. указ.: с.750-761.
583 a Действие Получение впервые 422 08.12.2000
k Исполнитель действия Мегапроект "Пушкинская библиотека"
650 04 a Основная рубрика Всемирная история
650 04 a Основная рубрика Коммунизм
650 04 a Основная рубрика Политические репрессии
x Основная подрубрика История
y Хронологическая подрубрика 20 в.
650 04 a Основная рубрика СССР
x Основная подрубрика Репрессии
x Основная подрубрика Террор
653 0_ a Ключевые слова История СССР
a Ключевые слова Коммунизм
a Ключевые слова СССР
a Ключевые слова Политические репрессии
a Ключевые слова Террор
a Ключевые слова Голод
a Ключевые слова Красный террор
a Ключевые слова Лагеря
a Ключевые слова Коллективизация
a Ключевые слова ГУЛАГ
a Ключевые слова Раскулачивание
a Ключевые слова НКВД
a Ключевые слова Коммунистические режимы
a Ключевые слова Тоталитаризм
a Ключевые слова Куба
a Ключевые слова Коминтерн
a Ключевые слова Китай
a Ключевые слова Северная Корея
a Ключевые слова Вьетнам
a Ключевые слова Афрокоммунизм
a Ключевые слова Афганистан
700 1_ a Другие авторы Куртуа Стефан
e Роль лиц авт.
700 1_ a Другие авторы Верт Никола
e Роль лиц авт.
700 1_ a Другие авторы Панне Жан-Луи
e Роль лиц авт.
700 1_ a Другие авторы Пачковский Анджей
e Роль лиц авт.
700 1_ a Другие авторы Бартошек Карел
e Роль лиц авт.
700 1_ a Другие авторы Марголен Жан-Луи
e Роль лиц авт.
700 1_ a Другие авторы Сыромятников Н. Ю.
e Роль лиц общ. ред.
700 1_ a Другие авторы Яковлев А. Н.
e Роль лиц вступ. ст.
700 1_ a Другие авторы Белякова И. Ю.
e Роль лиц отв. ред.
852 41 t Порядковый номер экземпляра 1
p Инвентарный номер 729969
888 a За счет средств университета /частично/
952 p 422.2000 200.00 1 729969
c Вид литературы К рн
954 a Дата поступления на обработку 20001229
999 a Подразделение 2 ч.з.